00552nam a2200169 i 4500001000300000100003500003245007200038250001100110260002100121040000800142041000800150942000700158008004100165999001700206856009800223952006100321bg1 aSTELMASZYK, Franciszek Józef 0aRoboty ziemne i drogi gruntowe... /cFranciszek Józef Stelmaszyk. aWyd.3. aWarszawa,c1977. cBPK apol cKS s pl f |000 0 pol  c17199d17199 uhttp://koha.tu.koszalin.pl/cgi-bin/koha/opac-detail.pl?biblionumber=17199yKatalog online BPK 00104070aBPKbBPKcwo21855p01196276s2017-02-14yKS